000 00406 a2200145 4500
082 _a891.439
090 _c1056
_d1056
100 _aKhan, Atta-ul-allah.
245 _aUrdu Zood Naveesi ka Irtaqa (Urdu).
_cAtta-ul-allah,Khan.
260 _aIslamabad:
_bMuqtadara Qomi Zuban,
_c1996.
300 _a270 p. ;
_c22 cm.
500 _aIncludes Index
650 _aUrdu literature--History
942 _cBK
_k891.439 KHA
999 _c5019
_d5019